| 000 | 00881nmc a2200313 a 4500 | ||
|---|---|---|---|
| 003 | AR-BaBNM | ||
| 005 | 20251128204914.0 | ||
| 008 | 156019s1995 ||||||||||||||000 | spa|| | ||
| 020 | _a84-7133-636-7 | ||
| 040 | _cAR-BaBNM | ||
| 100 | 1 | _aCroll, Paul | |
| 245 | 1 | 0 | _aLa observación sistemática en el aula |
| 260 |
_aMadrid _bLa Muralla _c1995 |
||
| 300 | 0 |
_a222 p. _bdiagr., tablas |
|
| 490 | 0 | _aAula abierta | |
| 504 | _aBibliografía: p. 217-222 | ||
| 650 | 4 | _aINVESTIGACION EN LA CLASE | |
| 650 | 4 | _aOBSERVACION DE LA CLASE | |
| 650 | 4 | _aDIRECTORES DE INVESTIGACION | |
| 650 | 4 | _aANALISIS DE DATOS | |
| 650 | 4 | _aPROCESAMIENTO DE DATOS | |
| 650 | 4 | _aREGISTROS | |
| 650 | 4 | _aMETODOS DE INVESTIGACION | |
| 651 | 4 | _aReino Unido | |
| 700 | 1 |
_aOrduna Cosmen, Javier _etraductor |
|
| 800 | 1 |
_aCasanova, María Antonia _edirector |
|
| 942 | _cBK | ||
| 998 | _csilvi | ||
| 999 |
_c9278 _d9278 |
||